<?xml version="1.0" encoding="UTF-8"?>
<marc:record xmlns:marc="http://www.loc.gov/MARC21/slim">
   <marc:leader>00000nam a2200000 a 4500</marc:leader>
   <marc:datafield ind1="1" ind2=" " tag="100">
      <marc:subfield code="a">Freund, Florian</marc:subfield>
      <marc:subfield code="4">aut</marc:subfield>
      <marc:subfield code="e">Verfasser/-in</marc:subfield>
   </marc:datafield>
   <marc:datafield ind1=" " ind2=" " tag="653">
      <marc:subfield code="a">Geschichte</marc:subfield>
   </marc:datafield>
   <marc:datafield ind1=" " ind2=" " tag="653">
      <marc:subfield code="a">Toter</marc:subfield>
   </marc:datafield>
   <marc:datafield ind1=" " ind2=" " tag="653">
      <marc:subfield code="a">Verzeichnis</marc:subfield>
   </marc:datafield>
   <marc:datafield ind1="0" ind2="0" tag="245">
      <marc:subfield code="a">Die Toten von Ebensee</marc:subfield>
   </marc:datafield>
   <marc:datafield ind1="0" ind2="0" tag="245">
      <marc:subfield code="b">Analyse und Dokumentation der im KZ Ebensee umgekommenen Häftlinge 1943 – 1945</marc:subfield>
   </marc:datafield>
   <marc:datafield ind1="0" ind2="0" tag="245">
      <marc:subfield code="c">Florian Freund. Unter Mitarb. von Nicole Schneider. [Hrsg. von: Dokumentationsarchiv des Österreichischen Widerstandes ...</marc:subfield>
   </marc:datafield>
   <marc:datafield ind1=" " ind2="1" tag="264">
      <marc:subfield code="a">Wien</marc:subfield>
      <marc:subfield code="b">Braintrust</marc:subfield>
   </marc:datafield>
   <marc:datafield ind1="1" ind2=" " tag="520">
      <marc:subfield code="a">Angaben aus der Verlagsmeldung

Die Toten von Ebensee : Analyse und Dokumentation der im KZ Ebensee umgekommenen Häftlinge 1943 – 1945 / von Florian Freund

In diesem Gedenkbuch sind die namentlich bekannten Toten des KZ Ebensee
verzeichnet: 7626 Todesopfer bis zur Befreiung des Lagers am 6.5.1945 und
651 Namen der an den Folgen der KZ-Haft verstorbenen Häftlinge werden
erstmals dokumentiert. Für die KZ-Forschung bringt die Analyse neue
Erkenntnisse über die Auswirkungen von Nationalität, Kategorie, beruflicher
Qualifikation auf die Überlebenschancen in der Spätphase des KZ-Systems.
</marc:subfield>
   </marc:datafield>
   <marc:datafield ind1=" " ind2=" " tag="020">
      <marc:subfield code="a">9783901116278</marc:subfield>
      <marc:subfield code="9">9783901116278</marc:subfield>
   </marc:datafield>
   <marc:datafield ind1=" " ind2=" " tag="041">
      <marc:subfield code="a">ger</marc:subfield>
   </marc:datafield>
   <marc:datafield ind1=" " ind2=" " tag="300">
      <marc:subfield code="a">444 S.</marc:subfield>
   </marc:datafield>
</marc:record>
